000 00541nam a2200169 i 4500
001 89235
003 ES-MaACL
007 t|
008 050105m19581959sp ||||1| spa d
100 1 _aLarenz, Karl.
_970240
245 1 0 _aDerecho de obligaciones /
_cKarl Larenz ; versión española y notas de Jaime Santos Briz.
250 _a[1ª ed.].
260 _aMadrid :
_bRevista de Derecho Privado,
_c1958-59 (
_fGráfs. González)
300 _a2 t. ;
_c24 cm.
700 1 _aSantos Briz, Jaime.
_9103492
852 _aES-MaACL
_jC-7193-4
_bR.41893
999 _c89235
_d89235